08275 2204081 4500001002100000005001500021008004100036020002200077035002000099082000800119084001400127100001800141245005300159250000600212260003200218300002900250650001400279990001200293990001200305990001200317990001200329990001200341990001200353990001200365990001200377990001200389990001200401990001200413990001200425990001200437990001200449990001200461990001200473990001200485990001200497990001200509990001200521990001200533990001200545990001200557990001200569990001200581990001200593990001200605990001200617990001200629990001200641990001200653990001200665990001200677990001200689990001200701990001200713990001200725990001200737990001200749990001200761990001200773990001200785990001200797990001200809990001200821990001200833990001200845990001200857990001200869990001200881990001200893990001200905990001200917990001200929990001200941990001200953990001200965990001200977990001200989990001201001990001201013990001201025990001201037990001201049990001201061990001201073990001201085990001201097990001201109990001201121990001201133990001201145990001201157990001201169990001201181990001201193990001201205990001201217990001201229990001201241990001201253990001201265990001201277990001201289990001201301990001201313990001201325990001201337990001201349990001201361990001201373990001201385990001201397990001201409990001201421990001201433990001201445990001201457990001201469990001201481990001201493990001201505990001201517990001201529990001201541990001201553990001201565990001201577990001201589990001201601990001201613990001201625990001201637990001201649990001201661990001201673990001201685990001201697990001201709990001201721990001201733990001201745990001201757990001201769990001201781990001201793990001201805990001201817990001201829990001201841990001201853990001201865990001201877990001201889990001201901990001201913990001201925990001201937990001201949990001201961990001201973990001201985990001201997990001202009990001202021990001202033990001202045990001202057990001202069990001202081990001202093990001202105990001202117990001202129990001202141990001202153990001202165990001202177990001202189990001202201990001202213990001202225990001202237990001202249990001202261990001202273990001202285990001202297990001202309990001202321990001202333990001202345990001202357990001202369990001202381990001202393990001202405990001202417990001202429990001202441990001202453990001202465990001202477990001202489990001202501990001202513990001202525990001202537990001202549990001202561990001202573990001202585990001202597990001202609990001202621990001202633990001202645990001202657990001202669990001202681990001202693990001202705990001202717990001202729990001202741990001202753990001202765990001202777990001202789990001202801990001202813990001202825990001202837990001202849990001202861990001202873990001202885990001202897990001202909990001202921990001202933990001202945990001202957990001202969990001202981990001202993990001203005990001203017990001203029990001203041990001203053990001203065990001203077990001203089990001203101990001203113990001203125990001203137990001203149990001203161990001203173990001203185990001203197990001203209990001203221990001203233990001203245990001203257990001203269990001203281990001203293990001203305990001203317990001203329990001203341990001203353990001203365990001203377990001203389990001203401990001203413990001203425990001203437990001203449990001203461990001203473990001203485990001203497990001203509990001203521990001203533990001203545990001203557990001203569990001203581990001203593990001203605990001203617990001203629990001203641990001203653990001203665990001203677990001203689990001203701990001203713990001203725990001203737990001203749990001203761990001203773990001203785990001203797990001203809990001203821990001203833990001203845990001203857990001203869990001203881990001203893990001203905990001203917990001203929990001203941990001203953990001203965990001203977990001203989990001204001990001204013990001204025990001204037990001204049990001204061990001204073990001204085990001204097990001204109990001204121990001204133990001204145990001204157990001204169990001204181INLIS00000000000011720240502104745240502 0 ind  a978-602-427-147-3 a0010-0424000093 a700 a700 AGU s aBudiman, Agus1 aSeni Budaya Kelas XII Semester 1 /cAgus Budiman a1 aJakarta :bKEMDIKBUD,c2018 a214 hlm ;c17 cm x 25 cm 4aNon Fiksi a0737657 a0737658 a0737659 a0737660 a0737661 a0737662 a0737663 a0737664 a0737665 a0737666 a0737667 a0737668 a0737669 a0737670 a0737671 a0737672 a0737673 a0737674 a0737675 a0737676 a0737677 a0737678 a0737679 a0737680 a0737681 a0737682 a0737683 a0737684 a0737685 a0737686 a0737687 a0737688 a0737689 a0737690 a0737691 a0737692 a0737693 a0737694 a0737695 a0737696 a0737697 a0737698 a0737699 a0737700 a0737701 a0737702 a0737703 a0737704 a0737705 a0737706 a0737707 a0737708 a0737709 a0737710 a0737711 a0737712 a0737713 a0737714 a0737715 a0737716 a0737717 a0737718 a0737719 a0737720 a0737721 a0737722 a0737723 a0737724 a0737725 a0737726 a0737727 a0737728 a0737729 a0737730 a0737731 a0737732 a0737733 a0737734 a0737735 a0737736 a0737737 a0737738 a0737739 a0737740 a0737741 a0737742 a0737743 a0737744 a0737745 a0737746 a0737747 a0737748 a0737749 a0737750 a0737751 a0737752 a0737753 a0737754 a0737755 a0737756 a0737757 a0737758 a0737759 a0737760 a0737761 a0737762 a0737763 a0737764 a0737765 a0737766 a0737767 a0737768 a0737769 a0737770 a0737771 a0737772 a0737773 a0737774 a0737775 a0737776 a0737777 a0737778 a0737779 a0737780 a0737781 a0737782 a0737783 a0737784 a0737785 a0737786 a0737787 a0737788 a0737789 a0737790 a0737791 a0737792 a0737793 a0737794 a0737795 a0737796 a0737797 a0737798 a0737799 a0737800 a0737801 a0737802 a0737803 a0737804 a0737805 a0737806 a0737807 a0737808 a0737809 a0737810 a0737811 a0737812 a0737813 a0737814 a0737815 a0737816 a0737817 a0737818 a0737819 a0737820 a0737821 a0737822 a0737823 a0737824 a0737825 a0737826 a0737827 a0737828 a0737829 a0737830 a0737831 a0737832 a0737833 a0737834 a0737835 a0737836 a0737837 a0737838 a0737839 a0737840 a0737841 a0737842 a0737843 a0737844 a0737845 a0737846 a0737847 a0737848 a0737849 a0737850 a0737851 a0737852 a0737853 a0737854 a0737855 a0737856 a0737857 a0737858 a0737859 a0737860 a0737861 a0737862 a0737863 a0737864 a0737865 a0737866 a0737867 a0737868 a0737869 a0737870 a0737871 a0737872 a0737873 a0737874 a0737875 a0737876 a0737877 a0737878 a0737879 a0737880 a0737881 a0737882 a0737883 a0737884 a0737885 a0737886 a0737887 a0737888 a0737889 a0737890 a0737891 a0737892 a0737893 a0737894 a0737895 a0737896 a0737897 a0737898 a0737899 a0737900 a0737901 a0737902 a0737903 a0737904 a0737905 a0737906 a0737907 a0737908 a0737909 a0737910 a0737911 a0737912 a0737913 a0737914 a0737915 a0737916 a0737917 a0737918 a0737919 a0737920 a0737921 a0737922 a0737923 a0737924 a0737925 a0737926 a0737927 a0737928 a0737929 a0737930 a0737931 a0737932 a0737933 a0737934 a0737935 a0737936 a0737937 a0737938 a0737939 a0737940 a0737941 a0737942 a0737943 a0737944 a0737945 a0737946 a0737947 a0737948 a0737949 a0737950 a0737951 a0737952 a0737953 a0737954 a0737955 a0737956 a0737957 a0737958 a0737959 a0737960 a0737961 a0737962 a0737963 a0737964 a0737965 a0737966 a0737967 a0737968 a0737969 a0737970 a0737971 a0737972 a0737973 a0737974 a0737975 a0737976 a0737977 a0737978 a0737979 a0737980 a0737981